| 000 | 00797nam a2200205 i 4500 | ||
|---|---|---|---|
| 001 | 111273 | ||
| 003 | ES-MaACL | ||
| 005 | 20230906185256.0 | ||
| 007 | t| | ||
| 008 | 190605s1941 sp r ||||1| spa d | ||
| 100 | 1 |
_aCid Ruiz-Zorrilla, Alfonso. _9167263 |
|
| 245 | 1 | 3 |
_aLa resinación en los Montes de Pinus Pinaster (Pino Negral) de las llanuras de Castilla / _cpor Alfonso Cid Ruiz-Zorrilla. |
| 260 |
_aMadrid : _bInstituto Forestal de Investigaciones y Experiencias, _c1941. |
||
| 300 |
_a141 p. ; _c23 cm. |
||
| 490 | 1 |
_aInstituto Forestal de Investigaciones y Experiencias ; _vAño XII, nº 18 |
|
| 650 | 4 |
_aResinación. _9167261 |
|
| 830 | 0 |
_aInstituto Forestal de Investigaciones y Experiencias ; _vAño XII, nº 18 _9181435 |
|
| 852 |
_aES-MaACL _jP-569-Bis-7 |
||
| 999 |
_c111273 _d111273 |
||